Countries Least Similar To South Korea - Statistics

General Stats
  • This quiz has been taken 24 times
  • The average score is 9 of 21
Answer Stats
Rank Country Score % Correct
4 Niger 36.8
86%
7 Chad 38.0
55%
18 Democratic Republic of the Congo 40.0
55%
12 Mali 38.7
50%
1 Somalia 33.4
50%
3 Sudan 36.1
50%
19 Ethiopia 40.1
45%
16 Central African Republic 39.9
41%
10 Eritrea 38.6
41%
19 Malawi 40.1
41%
8 Mauritania 38.1
41%
13 Afghanistan 39.5
36%
6 Burundi 37.6
36%
16 Rwanda 39.9
36%
5 South Sudan 37.5
36%
15 Gambia 39.8
32%
10 Uganda 38.6
32%
2 Yemen 34.8
32%
9 Lesotho 38.4
23%
19 Burkina Faso 40.1
18%
14 Togo 39.6
18%
No matching quizzes found
Score Distribution
Percent of People with Each Score
Percentile by Number Answered
Your Score History
You have not taken this quiz